Die altagyptischen Hohlmasse /

محفوظ في:

المؤلف الرئيسي: Pommerening, Tanja (مؤلف)

التنسيق: كتاب

اللغة: German

منشور في: Hamburg : Buske, 2005.

سلاسل: Studien zur altagyptischen Kultur. Beihefte ; 10.
SAK (Beihefte) ; 10.

الموضوعات:

الوسوم: إضافة وسم

لا توجد وسوم, كن أول من يضع وسما على هذه التسجيلة!

رقم الطلب: DT57 .S925 v.10

LEADER 00845namaa2200277 4500
001 13366
003 OSt
005 20260422105225.0
008 130303s2005 gw a 000 0 ger d
020 |a 3875484118 
040 |c ARCE Library 
043 |a f-ua--- 
050 4 |a DT57 .S925 v.10 
100 1 |a Pommerening, Tanja,  |e author  |9 37762 
245 1 4 |a Die altagyptischen Hohlmasse /  |c Tanja Pommerening. 
264 1 |a Hamburg :  |b Buske,  |c 2005. 
300 |a xiii, 503 pages :  |b illustrations ;  |c 27 cm. 
490 1 |a Studien zur altagyptischen Kultur. Beihefte ;   |v 10. 
490 1 |a SAK (Beihefte) ;   |v 10. 
650 0 |a Stone vases  |z Egypt. 
650 0 |a Weights and measures  |z Egypt. 
830 0 |a Studien zur altagyptischen Kultur. Beihefte ;   |v 10. 
830 0 |a SAK (Beihefte) ;   |v 10. 
901 |a reviewed 
942 |c BK  |2 lcc 
999 |c 13263  |d 13263